000 00574nam a2200217Ia 4500
003 GCL
008 140319s9999 xx 000 0 eng d
040 _aGCL /
_cGCL
082 0 4 _aCC
_b338.4791
_bM T
100 1 _aMILL, RABERT CHRISTIE
245 1 0 _aTOURISM: THE INTERNARIONAL BUSINESS /
_cMILL, RABERT CHRISTIE
260 _a[S.N] :
_bPRENTICE- HELL INTERNATIONAL, INC. ،
_c1990
300 _a372 P
650 0 4 _aECONOMICS
650 0 4 _aDEVELOPMENT
650 0 4 _aMANAGEMENT
650 0 4 _aBUSINESS
650 0 4 _aPLANNING
650 0 4 _aTOURISM
942 _2ddc
_cBK
999 _c17112
_d17112